000 00415pab a2200157 454500
008 180718b2014 xxu||||| |||| 00| 0 eng d
100 _aKunjappan, Sony
245 _aStrengthening governance through better police training towards a matrix model
260 _c2014
300 _ap.38-61.
362 _aOct-Dec
650 _aTraining
650 _aPolice
773 _aIndian Police Journal
909 _a108168
999 _c108163
_d108163